Rasy Koni - Statystyki

Ogólne statystyki
  • Ten quiz został rozwiązany 165 razy
  • Średni wynik to 13 z 50
Statystyki odpowiedzi
Obrazkowy Odpowiedź % Poprawnych
Shire
75%
Koń Fryzyjski
72%
Mustang
69%
Koń Czystej Krwi Arabskiej
63%
Konik polski
59%
Koń fiordzki
51%
Kuc szetlandzki
50%
Tinker
50%
Haflinger
48%
Koń andaluzyjski
45%
Koń Pełnej Krwi Angielskiej
43%
Perszeron
37%
Koń hanowerski
35%
Koń hanowerski
35%
Marwari
35%
Quarter Horse
33%
Appaloosa
32%
Clydesdale
30%
American Paint Horse
27%
Koń lipicański
26%
Cob
23%
Knabstrup
23%
Koń achał-tekiński
23%
Koń ardeński
23%
Falabella
22%
Koń belgijski
21%
Koń holsztyński
19%
Koń islandzki
18%
Koń trakeński
18%
Morgan
18%
Lusitano
15%
Criollo
12%
Holenderski koń gorącokrwisty
11%
Koń mongolski
9%
Koń turkmeński
9%
American Saddlebred
8%
Koń bretoński
8%
Noriker
8%
Zangersheide
8%
Irlandzki koń sportowy
7%
Kłusak amerykański
7%
Koń szwarcwaldzki
7%
Pura Raza Española
7%
Brumby
6%
Curly Horse
6%
Missouri Fox Trotter
5%
Cob walijski
4%
Mangalarga Marchador
4%
Belgijski koń gorącokrwisty
2%
Kiger Mustang
1%
Nie znaleziono quizów pasujących do podanych kryteriów
Rozkład punktacji
Procent ludzi z każdym wynikiem
Percentyl według liczby udzielonych odpowiedzi
Twoja historia wyników
Nie rozwiązałeś tego quizu